Workshop Technology (Record no. 58)

MARC details
000 -LEADER
Fixed length control field 00508nam a2200193 4500
003 - CONTROL NUMBER IDENTIFIER
Control field SEACOMMC
005 - DATE AND TIME OF LATEST TRANSACTION
Control field 20231010064524.0
008 - FIXED-LENGTH DATA ELEMENTS--GENERAL INFORMATION
Fixed length control field 231010b |||||||| |||| 00| 0 eng d
020 ## - INTERNATIONAL STANDARD BOOK NUMBER / ISBN
Price Rs. 115.00
040 ## - CATALOGING SOURCE
Original cataloging agency SEACOMMC
082 ## - DEWEY DECIMAL CLASSIFICATION NUMBER
Classification number 631.304
Book Number CHA
100 1# - MAIN ENTRY--PERSONAL NAME
Personal name Chapman, W.A.J.
245 1# - TITLE STATEMENT
Title Workshop Technology
Sub title an introductory course
Statement of responsibility W.A.J. Chapman
250 ## - EDITION STATEMENT
Edition statement 5th ed.
260 ## - IMPRINT
Place of publication New Delhi
Name of publisher Viva
Date of publication 2004
650 ## - SUBJECT ADDED ENTRY--TOPICAL TERM
Topical term Agriculture
650 ## - SUBJECT ADDED ENTRY--TOPICAL TERM
Topical term Tools, machinery, apparatus, equipment
942 ## - ADDED ENTRY ELEMENTS (KOHA)
Koha item type Books
Holdings
Withdrawn status Lost status Source of classification Damaged status Not for loan Home library Current library Date acquired Total Checkouts Call number Accession number Date last seen Price effective from Koha item type
    Dewey Decimal Classification     SEACOM MANAGEMENT COLLEGE SEACOM MANAGEMENT COLLEGE 20/07/2006   631.304 CHA 03961 10/10/2023 10/10/2023 Books
    Dewey Decimal Classification     SEACOM MANAGEMENT COLLEGE SEACOM MANAGEMENT COLLEGE 20/07/2006   631.304 CHA 03962 10/10/2023 10/10/2023 Books
    Dewey Decimal Classification     SEACOM MANAGEMENT COLLEGE SEACOM MANAGEMENT COLLEGE 20/07/2006   631.304 CHA 03963 10/10/2023 10/10/2023 Books
    Dewey Decimal Classification     SEACOM MANAGEMENT COLLEGE SEACOM MANAGEMENT COLLEGE 20/07/2006   631.304 CHA 03964 10/10/2023 10/10/2023 Books
    Dewey Decimal Classification     SEACOM MANAGEMENT COLLEGE SEACOM MANAGEMENT COLLEGE 20/07/2006   631.304 CHA 03965 10/10/2023 10/10/2023 Books
    Dewey Decimal Classification     SEACOM MANAGEMENT COLLEGE SEACOM MANAGEMENT COLLEGE 20/07/2006   631.304 CHA 03966 10/10/2023 10/10/2023 Books
    Dewey Decimal Classification     SEACOM MANAGEMENT COLLEGE SEACOM MANAGEMENT COLLEGE 20/07/2006   631.304 CHA 03967 10/10/2023 10/10/2023 Books
    Dewey Decimal Classification     SEACOM MANAGEMENT COLLEGE SEACOM MANAGEMENT COLLEGE 20/07/2006   631.304 CHA 03968 10/10/2023 10/10/2023 Books
    Dewey Decimal Classification     SEACOM MANAGEMENT COLLEGE SEACOM MANAGEMENT COLLEGE 20/07/2006   631.304 CHA 03969 10/10/2023 10/10/2023 Books
    Dewey Decimal Classification     SEACOM MANAGEMENT COLLEGE SEACOM MANAGEMENT COLLEGE 20/07/2006   631.304 CHA 03970 10/10/2023 10/10/2023 Books
    Dewey Decimal Classification     SEACOM MANAGEMENT COLLEGE SEACOM MANAGEMENT COLLEGE 20/07/2006   631.304 CHA 03971 10/10/2023 10/10/2023 Books
    Dewey Decimal Classification     SEACOM MANAGEMENT COLLEGE SEACOM MANAGEMENT COLLEGE 20/07/2006   631.304 CHA 03972 10/10/2023 10/10/2023 Books
    Dewey Decimal Classification     SEACOM MANAGEMENT COLLEGE SEACOM MANAGEMENT COLLEGE 20/07/2006   631.304 CHA 03973 10/10/2023 10/10/2023 Books
    Dewey Decimal Classification     SEACOM MANAGEMENT COLLEGE SEACOM MANAGEMENT COLLEGE 20/07/2006   631.304 CHA 03974 10/10/2023 10/10/2023 Books
    Dewey Decimal Classification     SEACOM MANAGEMENT COLLEGE SEACOM MANAGEMENT COLLEGE 20/07/2006   631.304 CHA 03975 10/10/2023 10/10/2023 Books
© Seacom Engineering College, All rights reserved.    Powered by Koha